Deutsche Geschichte - Welches Jahrhundert? - Statistiken

Allgemein
  • Dieses Quiz wurde 172 mal gespielt
  • Das Durchschnittsergebnis liegt bei 17 aus 20
Antwortstatistiken
Ereignis Jahrhundert % Korrekt
Die NSDAP kommt an die Macht 1900er
100%
Die Berliner Mauer fällt 1900er
99%
Das erste weibliche Staatsoberhaupt regiert Deutschland 2000er
99%
Der Wiener Kongress findet statt 1800er
96%
Karl der Große wird zum Kaiser gekrönt 800er
90%
Friedrich der Große erobert Schlesien und besiegt die Österreich 1700er
86%
Der Deutsche Krieg findet statt 1800er
85%
Der erste Weltkrieg beginnt 1900er
84%
Die Pest breitet sich auch in Deutschland aus 1300er
83%
Das Heilige Römische Reich Deutscher Nationen wird aufgelöst 1800er
83%
Der Buchdruck wird erfunden 1400er
82%
Der Westfälische Frieden wird unterschrieben 1600er
82%
Der erste deutsche Nationalstaat wird gegründet 1800er
81%
Die „Goldene Bulle“ regelt ab hier die Kaiserwahl im HRR 1300er
78%
Das Heilige (Römische) Reich wird gegründet 900er
78%
Der letzte ottonische Kaiser stirbt 1000er
75%
Die Habsburger stellen den ersten römisch-deutschen Kaiser 1200er
75%
Das Königreich Burgund tritt dem HRR bei 1000er
73%
Das Wormser Konkordat endet den „Investiturstreit“ zwsichen dem Kaiser und dem Papst 1100er
73%
Brandenburg gründet die Kolonie „Groß Friedrichsburg“ 1600er
73%
Keine übereinstimmenden Quizze gefunden
Verteilung der Resultate
Anzahl Personen mit jedem Resultat
Perzentil nach korrekt beantworteten Fragen
Ihre Resultats-Entwicklung
Sie haben dieses Quiz noch nicht gespielt